Avengers: Endgame 'We Didn't Start the Fire' Quiz Stats

 Plays Quiz not verified by Sporcle

Score 0/220 Timer 10:00
0 Plays Today
Hint Answer % Correct
a
97.7%
I
97.3%
'I
97.3%
I
97.3%
Star-Lord,
97%
Man.
95.2%
Iron
95%
the
94.5%
the
94.5%
the
94.5%
the
94.5%
the
94.5%
the
94.5%
the
94.5%
the
94.5%
the
94.5%
the
94.5%
we
92.9%
We
92.9%
We
92.9%
we
92.9%
we
92.9%
We
92.9%
We
92.9%
we
92.9%
We
92.9%
and
92.7%
didn't
92%
fire.
92%
didn't
92%
fire.
92%
didn't
92%
didn't
92%
fire.
92%
didn't
92%
fire
92%
didn't
92%
fire!
92%
to
91.3%
start
90.9%
start
90.9%
start
90.9%
start
90.9%
start
90.9%
Captain
90.2%
Captain
90.2%
Thor.
90%
and
89.5%
and
89.5%
and
89.5%
and
89.5%
and
89.5%
and
89.5%
and
89.5%
and
89.5%
and
89.5%
and
89.5%
in
87.9%
in
87.9%
Loki
87.5%
World
87.5%
Loki.
87.5%
Tony
87%
Stark,
87%
Nick
87%
Fury
87%
war,
86.6%
War
86.6%
It
86.6%
it
86.6%
it.
86.6%
War
86.6%
War,
86.6%
War,
86.6%
Hint Answer % Correct
it
86.6%
It
86.6%
it
86.6%
Black
85.4%
Black
85.4%
Bucky,
85.2%
was
85.2%
Bucky
85.2%
was
85.2%
am
84.7%
Widow,
83.4%
has
83.1%
Pepper
83.1%
Potts,
82.7%
are
82.7%
burn
82.7%
of
82%
of
82%
plan.
81.8%
burning
81.5%
burning
81.5%
Banner,
81.1%
Peggy,
81.1%
always
81.1%
always
81.1%
Bruce
80.9%
love
80.9%
you.
80.9%
II
80.6%
since
80.6%
turning.
80.6%
since
80.6%
turning.
80.6%
Hawkeye.
80.4%
his
79.7%
Rogers,
79.7%
infinity.
79.5%
Infinity
79.5%
go.
79.3%
brother
79%
Groot.'
79%
Gamora
78.6%
been
77.2%
time,
77.2%
Rocket,
77.2%
Marvel,
77.2%
been
77.2%
Maria
77%
Hill
77%
world's
77%
world's
77%
Drax,
76.5%
Avenger
76.3%
soul,
76.3%
power
76.3%
Space,
76.1%
arc-reactor
75.6%
mind,
75.6%
reality.
75.6%
core.
75.4%
stones
75.2%
Asgard
74.9%
They're
74.9%
S.H.I.E.L.D.
74.9%
Coulson
74.5%
agents
74.5%
Panther
73.3%
Thanos
73.3%
here
72.9%
Falcon
72.7%
Machine,
72.4%
assemble!
72.2%
Nebula,
72.2%
fight
72%
Hint Answer % Correct
spy.
71.5%
Big
71.3%
radiation,
71.3%
Spider-Man.
71.3%
Russian
71.1%
Clint
70.8%
Barton,
70.8%
First
70.8%
but
70.2%
but
70.2%
Ant-Man,
69.7%
Scarlet
69.7%
Mantis,
69.5%
Everyone
69.2%
Barnes
69.2%
Witch
69.2%
Wakanda,
69.2%
transformation,
68.8%
ROAR.
68.8%
Red
68.6%
Skull,
68.3%
Whiplash,
67.9%
is
67.4%
Shuri,
66.7%
Okoye
65.1%
Ultron
64.2%
Civil
64.2%
too,
64%
gone
64%
HYDRA,
63.8%
for
63.6%
Doctor
63.6%
Obadiah,
63.3%
Laufey.
63.3%
Strange,
63.3%
on
63.3%
on
63.3%
on
63.3%
on
63.3%
on...
63.3%
light
63.1%
Vision,
63.1%
Goose
62.4%
ancient
62.2%
Zola,
62.2%
back
62.2%
cat.
62.2%
can't
61.5%
again.
60.6%
shock,
60.1%
Wasp.
60.1%
Killmonger.
60.1%
take
59.9%
anymore!
59.9%
humanity,
58.5%
Arnim
58.3%
Battle
58.1%
Sokovia,
56.9%
Henry,
56.3%
Blonsky,
55.8%
Janet
54.4%
higher,
53.5%
faster.
53.3%
tried
52.4%
Flying
52.4%
further,
51.3%
Ragnarok,
50.1%
will
49.9%
still
47.2%
when
46.9%
Though
38%
spinning,
30.5%

You're not logged in!

Compare scores with friends on all Sporcle quizzes.
OR
Log In

Show Comments

Extras

Top Quizzes Today


Score Distribution

Your Account Isn't Verified!

In order to create a playlist on Sporcle, you need to verify the email address you used during registration. Go to your Sporcle Settings to finish the process.

Report this User

Report this user for behavior that violates our Community Guidelines.

Details: